George Strait Song Titles - Statistics

General Stats
  • This quiz has been taken 92 times
  • The average score is 84 of 108
Answer Stats
Question Tile Select % Correct
All My Ex’s Live in ___ California No
99%
All My Ex’s Live in ___ Colorado No
99%
All My Ex’s Live in ___ Flordia No
99%
All My Ex’s Live in ___ Georgia No
99%
All My Ex’s Live in ___ Hawaii No
99%
All My Ex’s Live in ___ New York No
99%
All My Ex’s Live in ___ Tenneesee No
99%
All My Ex’s Live in ___ Texas Yes
99%
All My Ex’s Live in ___ Utah No
99%
Amarillo by ___ Afternoon No
96%
Amarillo by ___ Breakfast No
96%
Amarillo by ___ Day No
96%
Amarillo by ___ Dinner No
96%
Amarillo by ___ Lunch No
96%
Amarillo by ___ Noon No
96%
Amarillo by ___ Evening No
95%
Amarillo by ___ Night No
95%
I Can Still Make ___ Jackson No
93%
I Can Still Make ___ Las Vegas No
93%
Amarillo by ___ Morning Yes
93%
I Can Still Make ___ Tulsa No
93%
I Can Still Make ___ Abilene No
92%
I Can Still Make ___ Denver No
92%
I Can Still Make ___ Fort Worth No
92%
I Can Still Make ___ Reno No
92%
One ___ at a Time Date No
89%
One ___ at a Time Week No
89%
I Can Still Make ___ Dallas No
88%
One ___ at a Time Kiss No
88%
___ of Love Bay No
85%
___ of Love Creek No
85%
___ of Love Pond No
85%
One ___ at a Time Ride No
85%
Somewhere Down in ___ Arkansas No
84%
One ___ at a Time Beer No
84%
Somewhere Down in ___ Colorado No
84%
One ___ at a Time Dance No
84%
Somewhere Down in ___ Flordia No
84%
___ of Love Lake No
84%
___ of Love Stream No
84%
Drinking ___ Bud Light No
83%
I Can Still Make ___ Cheyenne Yes
83%
Drinking ___ Coors Light No
83%
Somewhere Down in ___ Kansas No
83%
Drinking ___ Milk No
83%
___ of Love Puddle No
81%
Drinking ___ Water No
81%
Drinking ___ Wine No
81%
Somewhere Down in ___ Georgia No
80%
Somewhere Down in ___ Oklahoma No
80%
____ Night Fever Monday No
79%
____ Night Fever Tuesday No
79%
____ Night Fever Wednesday No
79%
____ Night Fever Early No
77%
___ Water Hot No
77%
____ Night Fever Sunday No
77%
One ___ at a Time Drink No
76%
___ Water Ocean No
76%
___ of Love Sea No
76%
____ Night Fever Thursday No
76%
___ Water Cold No
75%
___ Water Lake No
75%
____ Night Fever Late No
75%
Somewhere Down in ___ Tenneesee No
75%
Am I ___ Green No
73%
Does _____ Ever Cross Your Mind Las Vegas No
73%
Am I ___ Orange No
73%
Am I ___ Pink No
73%
Am I ___ Purple No
73%
Does _____ Ever Cross Your Mind Cheyenne No
72%
One ___ at a Time Day No
72%
The Cowboy ___ Away Drives No
72%
The Cowboy ___ Away Flies No
72%
___ Water Running No
72%
The Cowboy ___ Away Sails No
72%
Am I ___ Silver No
72%
The Cowboy ___ Away Slides No
72%
The Cowboy ___ Away Swims No
72%
Does _____ Ever Cross Your Mind Tennessee No
72%
Am I ___ Yellow No
72%
Does _____ Ever Cross Your Mind Abilene No
71%
The Cowboy ___ Away Drifts No
71%
___ of Love Ocean No
71%
Am I ___ Red No
71%
The Cowboy ___ Away Runs No
71%
Somewhere Down in ___ San Antonio No
71%
Drinking ___ Tequila No
71%
Drinking ___ Beer No
69%
Does _____ Ever Cross Your Mind San Antonio No
69%
____ Night Fever Saturday No
69%
___ Water Shallow No
68%
Does _____ Ever Cross Your Mind Texas No
68%
Does _____ Ever Cross Your Mind Dallas No
67%
Am I ___ Grey No
67%
The Cowboy ___ Away Walks No
67%
Does _____ Ever Cross Your Mind Austin No
65%
The Cowboy ___ Away Rides Yes
64%
Am I ___ Blue Yes
63%
___ Water Clear No
63%
____ Night Fever Friday Yes
63%
___ Water Blue No
59%
___ of Love River Yes
56%
Somewhere Down in ___ Texas Yes
52%
Does _____ Ever Cross Your Mind Fort Worth Yes
51%
One ___ at a Time Night Yes
51%
Drinking ___ Whiskey No
51%
Drinking ___ Champagne Yes
23%
___ Water Deep Yes
23%
No matching quizzes found
Score Distribution
Percent of People with Each Score
Percentile by Number Answered
Your Score History
You have not taken this quiz